Chicago bulls quiz - Statistics

General Stats
  • This quiz has been taken 31 times
  • The average score is 10 of 13
Answer Stats
Question Answer % Correct
What person was drafted first instead of Jordan in 84 draft Hakeem
100%
What team did Jordan partly own other than th wizards Hornets
100%
What movie did Jordan star in in 1996 Space jam
100%
How many championships won 6
75%
Wich of these players where the youngest mvp Derrick rose
75%
What was the sickness Jordan had in game 5 of the 97 nba finals Flu
75%
Why did Jordan retire the first time His dad died
75%
What where the bulls big three thru 96-98 Jordan Rodman pippin
75%
During the last dance why did pippin began hating on Jordan Not showing pippin enough
75%
Which of these players haven’t played for the bulls Patrick Ewing
75%
What nba team did the bulls feud with named the bad boys Pistons
75%
When was it established 1966
25%
Which of these nba teams has more championships Warriors
25%
No matching quizzes found
Score Distribution
Percent of People with Each Score
Percentile by Number Answered
Your Score History
You have not taken this quiz